000 01265nam a22003375c 4500
001 195846
003 SpMaBN
005 20250312063231.0
008 240721s2014 sp a | |||| 000 0dspa
017 _aM 10338-2014
_bOficina Depósito Legal Madrid
020 _a9788461694211
035 _a(OCoLC)881219520
035 _aa5498772
040 _aSpMaBN
_bspa
_cSpMaBN
_erdc
080 _a929 Parada Cobo, Carlos
100 _aCobo Minguela, Maribel
_0XX5390710
_9237594
245 1 0 _aCarlos nuestro /
_cMaribel Cobo Minguela.
250 _aSegunda edición: mayo, 2021
260 _aMadrid :
_bM. Cobo,
_c2014.
300 _a276 p. :
_bil. col. y n. ;
_c24 cm
336 _aTexto (visual)
_2isbdcontent
337 _asin mediación
_2isbdmedia
338 _2rdacarrier
_avolumen
600 0 _aParada Cobo, Carlos,
_d1976-2011
_2embne
_9237595
852 _aES-MaACL
_cDEPOJ
_gDedicatoria autógrafa de MariBel Cobo Minguela
_hDonación: Maribel Cobo Minguela
_xEncuadernación: rústica con solapas
903 _9237594
_aCobo Minguela, Maribel
_ednr
942 _2udc
_cMONOGRAFIA
_n0
954 _iTatiana Alejandra de Castro Pérez
999 _c195846
_d195846